|
|
|
|
| LEADER |
01141nam a2200385 4500 |
| 001 |
DLU110130233 |
| 005 |
##20111223 |
| 040 |
# |
# |
|a DLU
|b eng
|
| 041 |
# |
# |
|a eng
|
| 044 |
# |
# |
|a us
|
| 245 |
# |
# |
|a Racial prejudice and unfair treatment : Interactive effects with poverty and foreign nativity on problem drinking /
|c Sarah E. Zemore ... [et al.].
|
| 653 |
# |
# |
|a Drunkenness
|
| 653 |
# |
# |
|a Effects
|
| 653 |
# |
# |
|a Ethnic groups
|
| 653 |
# |
# |
|a Medical treatment
|
| 653 |
# |
# |
|a Minority groups
|
| 653 |
# |
# |
|a Polls
|
| 653 |
# |
# |
|a Poverty
|
| 653 |
# |
# |
|a Prejudice
|
| 653 |
# |
# |
|a Racial discrimination
|
| 653 |
# |
# |
|a Surveys
|
| 700 |
# |
# |
|a Karriker-Jaffe, Katherine J.
|
| 700 |
# |
# |
|a Keithly, Sarah.
|
| 700 |
# |
# |
|a Mulia, Nina.
|
| 700 |
# |
# |
|a Zemore, Sarah E.
|
| 773 |
# |
# |
|t Journal of studies on alcohol and drugs
|g Vol. 72, no. 3 (May 2011), p. 361-370
|
| 920 |
# |
# |
|a Phòng Tạp chí -- Trung tâm Thông tin - Thư viện Trường Đại học Đà Lạt
|
| 994 |
# |
# |
|a DLU
|
| 900 |
# |
# |
|a True
|
| 911 |
# |
# |
|a Trương Bảo Trâm Anh
|
| 925 |
# |
# |
|a G
|
| 926 |
# |
# |
|a A
|
| 927 |
# |
# |
|a BB
|
| 980 |
# |
# |
|a Thư viện Trường Đại học Đà Lạt
|